[Event "Medellin op 02"]
[Site "Medellin"]
[Date "2011.02.05"]
[Round "4"]
[White "Posada Zuluaga, Juan Manuel"]
[Black "Cuartas, Carlos Enrique"]
[Result "1-0"]
[WhiteElo "1985"]
[BlackElo "2256"]
[PlyCount "57"]
[EventDate "2011.02.02"]
[EventType "swiss"]
[EventRounds "7"]
[EventCountry "COL"]
[SourceTitle "CBM 140 Extra"]
[Source "ChessBase"]
[SourceDate "2011.03.01"]
[SourceVersion "1"]
[SourceVersionDate "2011.03.01"]
[SourceQuality "1"]

1. e4 c6 2. d4 d5 3. exd5 cxd5 4. Bd3 Nf6 5. c3 b6 6. Bf4 e6 7. Nf3 Bd7 8. Ne5 Be7 9. 0-0 0-0 10. Nd2 Qe8 11. Qe2 Nc6 12. Ndf3 Nb8 13. Kh1 a6 14. Nxd7 Nfxd7 15. Ng5 Bxg5 16. Bxg5 f6 17. Bh4 e5 18. Bf5 g6 19. Bh3 Nc6 20. dxe5 fxe5 21. Rad1 d4 22. Qe4 Nf6 23. Qc2 Kg7 24. cxd4 Nxd4 25. Qc7+ Rf7 26. Bxf6+ Kxf6 27. Qxb6+ Kg7 28. f4 Nf5 29. Bxf5 1-0

[Event "Medellin Americas op"]
[Site "Medellin"]
[Date "2009.11.14"]
[Round "4"]
[White "Cano Acosta, Luis Fernando"]
[Black "Cuartas, Carlos Enrique"]
[Result "1/2-1/2"]
[WhiteElo "2212"]
[BlackElo "2281"]
[PlyCount "24"]
[EventDate "2009.11.12"]
[EventType "swiss"]
[EventRounds "9"]
[EventCountry "COL"]
[SourceTitle "EXT 2010"]
[Source "ChessBase"]
[SourceDate "2010.11.25"]
[SourceVersion "1"]
[SourceVersionDate "2010.11.25"]
[SourceQuality "1"]

1. e4 e6 2. d4 d5 3. Nc3 Bb4 4. e5 c5 5. a3 Bxc3+ 6. bxc3 Ne7 7. Nf3 Qa5 8. Bd2 Nbc6 9. Bd3 c4 10. Be2 Qa4 11. 0-0 Bd7 12. Bg5 0-0-0 1/2-1/2

[Event "Bogota op 4th"]
[Site "Bogota"]
[Date "2009.10.30"]
[Round "3"]
[White "Cuartas, Carlos Enrique"]
[Black "Sanabria Rangel, Sergio Andres"]
[Result "1/2-1/2"]
[WhiteElo "2281"]
[BlackElo "2187"]
[PlyCount "115"]
[EventDate "2009.10.29"]
[EventType "swiss"]
[EventRounds "9"]
[EventCountry "COL"]
[SourceTitle "EXT 2010"]
[Source "ChessBase"]
[SourceDate "2010.11.25"]
[SourceVersion "1"]
[SourceVersionDate "2010.11.25"]
[SourceQuality "1"]

1. d4 d5 2. Nf3 Nf6 3. c4 c6 4. e3 e6 5. Nc3 Bb4 6. Bd3 Nbd7 7. 0-0 dxc4 8. Bxc4 0-0 9. a3 Bd6 10. e4 e5 11. Bg5 h6 12. Bh4 Qe7 13. Re1 exd4 14. Nxd4 Be5 15. Nf5 Qd8 16. Qf3 Qc7 17. h3 Nb6 18. Ba2 Bxf5 19. Qxf5 Rfe8 20. f4 Bd4+ 21. Kh1 Bxc3 22. bxc3 Qc8 23. Qxc8 Raxc8 24. Bxf6 gxf6 25. a4 Nxa4 26. Bxf7+ Kxf7 27. Rxa4 a6 28. c4 c5 29. Ra3 Re6 30. Rd3 Rce8 31. Rd5 Rxe4 32. Rxe4 Rxe4 33. Rxc5 Rxf4 34. Rc7+ Kg6 35. c5 Rb4 36. c6 bxc6 37. Rxc6 a5 38. Ra6 a4 39. Kh2 h5 40. Kg3 Kg5 41. Ra8 h4+ 42. Kf3 Rb3+ 43. Kf2 a3 44. Ra5+ f5 45. Ra4 Rb2+ 46. Kf3 Ra2 47. Ra6 Ra1 48. Kf2 a2 49. Ra8 Kf6 50. Ra5 Ke6 51. Ra8 Ke5 52. Ra5+ Kd4 53. Ra8 f4 54. Ra5 Ke4 55. Ra4+ Kd3 56. Ra8 Kc2 57. Rc8+ Kb3 58. Rb8+ 1/2-1/2

[Event "Medellin op"]
[Site "Medellin"]
[Date "2007.11.03"]
[Round "3"]
[White "Gil, Cristian"]
[Black "Cuartas, Carlos Enrique"]
[Result "0-1"]
[WhiteElo "1832"]
[BlackElo "2282"]
[PlyCount "90"]
[EventDate "2007.11.02"]
[EventType "swiss"]
[EventRounds "7"]
[EventCountry "COL"]
[SourceTitle "CBM 121 Extra"]
[Source "ChessBase"]
[SourceDate "2008.01.10"]
[SourceVersion "1"]
[SourceVersionDate "2008.01.10"]
[SourceQuality "1"]

1. e4 d6 2. d4 Nf6 3. Nc3 g6 4. Bg5 Bg7 5. Qd2 c6 6. Bh6 Kf8 7. Nf3 Qa5 8. 0-0-0 Bg4 9. Kb1 Nbd7 10. Be2 Re8 11. h3 Bxf3 12. gxf3 c5 13. d5 a6 14. Rdg1 b5 15. Qe3 c4 16. Bxg7+ Kxg7 17. f4 Qb6 18. e5 Qxe3 19. exf6+ exf6 20. fxe3 Rxe3 21. Bg4 Nb6 22. a3 h5 23. Bd1 f5 24. Kc1 Rxc3 25. bxc3 Nxd5 26. Rf1 Nxc3 27. Bf3 d5 28. Kd2 d4 29. Re1 Rd8 30. Re5 Kf6 31. h4 a5 32. Rhe1 Rb8 33. Rc5 a4 34. Rc6+ Kg7 35. Rd6 b4 36. axb4 Rxb4 37. Ra1 a3 38. Rxd4 Nb1+ 39. Kc1 Nc3 40. Rxa3 Rb1+ 41. Kd2 Nb5 42. Rd7 Nxa3 43. Ra7 Ra1 44. Bd5 Nb1+ 45. Kc1 Rxa7 0-1

[Event "COL-ch"]
[Site "Cali"]
[Date "2003.07.22"]
[Round "1"]
[White "Beltran, Carlos Armando"]
[Black "Cuartas, Carlos Enrique"]
[Result "1/2-1/2"]
[WhiteElo "2261"]
[BlackElo "2292"]
[PlyCount "60"]
[EventDate "2003.07.22"]
[EventType "tourn"]
[EventRounds "11"]
[EventCountry "COL"]
[EventCategory "5"]
[SourceTitle "CBM 095 Extra"]
[Source "ChessBase"]
[SourceDate "2003.09.04"]
[SourceVersion "1"]
[SourceVersionDate "2003.09.04"]
[SourceQuality "1"]

1. d4 d5 2. Nf3 Nf6 3. Bf4 Bf5 4. e3 c6 5. Bd3 Bxd3 6. Qxd3 e6 7. 0-0 Bd6 8. Bxd6 Qxd6 9. c4 Nbd7 10. Nbd2 0-0 11. Rfc1 Rfe8 12. cxd5 exd5 13. b4 a6 14. a4 Ne4 15. Qb3 f5 16. Nf1 Kh8 17. b5 cxb5 18. axb5 a5 19. Ne1 Nb6 20. f3 Nf6 21. Nd3 Nc4 22. Nb2 Nb6 23. g3 g6 24. Ra2 h5 25. Rca1 Qb4 26. Qxb4 axb4 27. Rxa8 Rxa8 28. Rxa8+ Nxa8 29. Nd3 Nc7 30. Nxb4 Nxb5 1/2-1/2

[Event "Canadian op"]
[Site "Montreal"]
[Date "2002.07.19"]
[Round "8"]
[White "Cuartas, Carlos Enrique"]
[Black "Linskiy, Oleg M"]
[Result "1/2-1/2"]
[WhiteElo "2307"]
[BlackElo "2417"]
[PlyCount "50"]
[EventDate "2002.07.13"]
[EventType "swiss"]
[EventRounds "10"]
[EventCountry "CAN"]
[SourceTitle "CBM 089 Extra"]
[Source "ChessBase"]
[SourceDate "2002.09.10"]
[SourceVersion "2"]
[SourceVersionDate "2002.09.10"]
[SourceQuality "1"]

1. e4 e6 2. d4 d5 3. Nd2 Nf6 4. e5 Nfd7 5. Bd3 c5 6. c3 Nc6 7. Ne2 cxd4 8. cxd4 f6 9. exf6 Nxf6 10. 0-0 Bd6 11. Nf3 0-0 12. Bg5 Qc7 13. Bh4 Nh5 14. Nc3 a6 15. Re1 g6 16. Bg5 Kg7 17. Be3 Bd7 18. Rc1 Rae8 19. Bf1 h6 20. g3 Rf7 21. Bg2 Ref8 22. Rc2 Nf6 23. h3 g5 24. Bc1 Nh7 25. Be3 Nf6 1/2-1/2

[Event "Canadian op"]
[Site "Montreal"]
[Date "2002.07.15"]
[Round "4"]
[White "Cuartas, Carlos Enrique"]
[Black "Trinh, Tri Bao"]
[Result "1-0"]
[WhiteElo "2343"]
[BlackElo "1960"]
[PlyCount "67"]
[EventDate "2002.07.13"]
[EventType "swiss"]
[EventRounds "10"]
[EventCountry "CAN"]
[SourceTitle "EXT 2022"]
[Source "ChessBase"]
[SourceDate "2021.10.06"]
[SourceVersion "1"]
[SourceVersionDate "2021.10.06"]
[SourceQuality "1"]

1. e4 d6 2. d4 Nf6 3. Nc3 g6 4. f4 Bg7 5. Nf3 c5 6. dxc5 Qa5 7. Bd3 Qxc5 8. Qe2 Bg4 9. Be3 Qa5 10. 0-0 Nc6 11. h3 Bxf3 12. Qxf3 0-0 13. Kh1 e6 14. a3 Nd7 15. Nb5 e5 16. f5 d5 17. exd5 e4 18. Bxe4 Nce5 19. Qe2 Nf6 20. Nc3 Nxe4 21. Nxe4 Qxd5 22. Bg5 Nc6 23. Nf6+ Bxf6 24. Bxf6 Rae8 25. Qf2 Qd6 26. Qh4 Re2 27. Rad1 Rd2 28. fxg6 fxg6 29. Qc4+ Rf7 30. Qxf7+ Kxf7 31. Be5+ Ke6 32. Bxd6 Rxd6 33. Rxd6+ Kxd6 34. Rf7 1-0

[Event "Quebec-ch int"]
[Site "Montreal"]
[Date "2002.06.19"]
[Round "3"]
[White "Cuartas, Carlos Enrique"]
[Black "Lesiege, Alexandre"]
[Result "0-1"]
[WhiteElo "2307"]
[BlackElo "2584"]
[PlyCount "96"]
[EventDate "2002.06.17"]
[EventType "tourn"]
[EventRounds "9"]
[EventCountry "CAN"]
[EventCategory "6"]
[SourceTitle "CBM 088 Extra"]
[Source "ChessBase"]
[SourceDate "2002.07.01"]
[SourceVersion "2"]
[SourceVersionDate "2002.07.01"]
[SourceQuality "1"]

1. e4 c5 2. Nf3 d6 3. c3 Nf6 4. Be2 Nbd7 5. Qc2 g6 6. d4 Qc7 7. d5 Bg7 8. c4 0-0 9. Nc3 a6 10. 0-0 Re8 11. Bf4 Nf8 12. Rad1 h6 13. h3 g5 14. Bh2 Ng6 15. Ne1 Nd7 16. Nd3 b5 17. cxb5 axb5 18. Nxb5 Qb6 19. Na3 Ba6 20. Nc4 Qa7 21. Nc1 Reb8 22. b3 Bxc4 23. Bxc4 Nde5 24. Rd2 Rb4 25. Be2 c4 26. Bxc4 Nxc4 27. bxc4 Rc8 28. Nb3 Rcxc4 29. Qd1 Rxe4 30. Rc2 Bf6 31. Re1 Kg7 32. Bg3 Nf4 33. Rxe4 Rxe4 34. Bxf4 Rxf4 35. g3 Re4 36. Re2 Ra4 37. Qc2 Qd7 38. Kh2 Qb5 39. Rd2 Be5 40. Kg2 Qa6 41. Re2 Qb5 42. Rd2 Qa6 43. Kg1 Rc4 44. Qd3 Qc8 45. Kg2 f5 46. Qe2 f4 47. Na5 Rc3 48. Rd3 Qa6 0-1

[Event "Cali op 5th"]
[Site "Cali"]
[Date "2001.12.19"]
[Round "5"]
[White "Cuartas, Carlos Enrique"]
[Black "Mendoza, Rafael Enrique"]
[Result "1/2-1/2"]
[WhiteElo "2302"]
[BlackElo "2357"]
[PlyCount "22"]
[EventDate "2001.12.17"]
[EventType "swiss"]
[EventRounds "9"]
[EventCountry "COL"]
[SourceTitle "EXT 2003"]
[Source "ChessBase"]
[SourceDate "2002.11.25"]
[SourceVersion "1"]
[SourceVersionDate "2002.11.25"]
[SourceQuality "1"]

1. d4 Nf6 2. Nf3 g6 3. c4 d5 4. cxd5 Nxd5 5. g3 Bg7 6. Bg2 0-0 7. 0-0 Nc6 8. Nc3 Nb6 9. e3 e5 10. d5 Na5 11. e4 c6 1/2-1/2

[Event "Cartagena Champions Cup"]
[Site "Cartagena"]
[Date "2001.10.01"]
[Round "5"]
[White "Cuartas, Carlos Enrique"]
[Black "Zapata, Alonso"]
[Result "0-1"]
[WhiteElo "2302"]
[BlackElo "2530"]
[PlyCount "87"]
[EventDate "2001.09.29"]
[EventType "swiss"]
[EventRounds "9"]
[EventCountry "COL"]
[SourceTitle "CBM 084 Extra"]
[Source "ChessBase"]
[SourceDate "2001.10.26"]
[SourceVersion "1"]
[SourceVersionDate "2001.10.26"]
[SourceQuality "1"]

1. e4 c5 2. Nf3 d6 3. d4 cxd4 4. Nxd4 Nf6 5. Nc3 a6 6. f4 e5 7. Nf3 Qc7 8. a4 Be7 9. Bd3 0-0 10. 0-0 exf4 11. Kh1 Be6 12. Bxf4 Nbd7 13. Nd4 Ne5 14. Qe2 Rac8 15. Nf5 Bxf5 16. exf5 Rfe8 17. Bxe5 Bf8 18. Ne4 Rxe5 19. Nxf6+ gxf6 20. Qg4+ Kh8 21. Rf3 Qe7 22. Raf1 Bh6 23. Qh5 Bd2 24. Rd1 Be3 25. Rg3 d5 26. Qg4 Qf8 27. Rf1 Rce8 28. b3 a5 29. Bb5 Rc8 30. Bd3 Qh6 31. Rh3 Qg5 32. Qxg5 Bxg5 33. Rhf3 Kg7 34. g3 Kf8 35. h4 Bd2 36. R1f2 Be1 37. Rf1 Ke7 38. Kg2 Kd7 39. g4 Kd6 40. Kh3 Rce8 41. Rg1 Re3 42. Rgf1 Kc5 43. g5 fxg5 44. hxg5 0-1

[Event "American Continental 01st"]
[Site "Cali"]
[Date "2001.08.17"]
[Round "8"]
[White "Szmetan, Jorge"]
[Black "Cuartas, Carlos Enrique"]
[Result "1/2-1/2"]
[WhiteElo "2406"]
[BlackElo "2302"]
[PlyCount "74"]
[EventDate "2001.08.09"]
[EventType "swiss"]
[EventRounds "11"]
[EventCountry "COL"]
[SourceTitle "CBM 083 Extra"]
[Source "ChessBase"]
[SourceDate "2001.09.11"]
[SourceVersion "1"]
[SourceVersionDate "2001.09.11"]
[SourceQuality "1"]

1. Nf3 Nf6 2. c4 d6 3. g3 Bg4 4. Bg2 c6 5. h3 Bh5 6. d4 Nbd7 7. Nc3 e5 8. g4 Bg6 9. Nh4 Ne4 10. Nxg6 Nxc3 11. Qd3 hxg6 12. Qxc3 Be7 13. 0-0 0-0 14. Rd1 exd4 15. Qxd4 Nc5 16. Rb1 a5 17. Be3 g5 18. b3 Ne6 19. Qd3 Qc7 20. Bc1 Rfd8 21. e3 Bf6 22. Bb2 Qe7 23. Qf5 Nc5 24. Bxf6 gxf6 25. Rd2 Kg7 26. a3 Qe5 27. b4 axb4 28. axb4 Ra1 29. Rdd1 Rxb1 30. Rxb1 Nd7 31. b5 Qxf5 32. gxf5 Ne5 33. bxc6 bxc6 34. Rb7 Nxc4 35. Bxc6 Na5 36. Rc7 Nxc6 37. Rxc6 Re8 1/2-1/2

[Event "American Continental 01st"]
[Site "Cali"]
[Date "2001.08.14"]
[Round "5"]
[White "Castillo, Dina Lisette"]
[Black "Cuartas, Carlos Enrique"]
[Result "0-1"]
[WhiteElo "2075"]
[BlackElo "2302"]
[PlyCount "88"]
[EventDate "2001.08.09"]
[EventType "swiss"]
[EventRounds "11"]
[EventCountry "COL"]
[SourceTitle "CBM 083 Extra"]
[Source "ChessBase"]
[SourceDate "2001.09.11"]
[SourceVersion "1"]
[SourceVersionDate "2001.09.11"]
[SourceQuality "1"]

1. e4 c5 2. Nf3 e6 3. d4 cxd4 4. Nxd4 a6 5. Nc3 Qc7 6. a3 Nf6 7. Be2 b5 8. Bd2 Bb7 9. Bf3 Nc6 10. Nxc6 Bxc6 11. 0-0 h5 12. Re1 Bd6 13. h3 Bh2+ 14. Kh1 Be5 15. Rb1 d6 16. Na2 Rc8 17. Nb4 Bb7 18. c3 a5 19. Nd3 Qc4 20. Qe2 Ng4 21. b3 Qxd3 22. Bxg4 Qxe2 23. Bxe2 Bxc3 24. Bxb5+ Ke7 25. Bxc3 Rxc3 26. Bc4 Rc8 27. f3 Rc2 28. a4 g5 29. Rbc1 Rxc1 30. Rxc1 d5 31. exd5 exd5 32. Re1+ Kd6 33. Bb5 Rc3 34. Rb1 d4 35. Kg1 Kc5 36. Bc4 f6 37. Re1 Bd5 38. Re8 Bxc4 39. Rc8+ Kb4 40. Rb8+ Ka3 41. bxc4 Rxc4 42. Rb6 Kxa4 43. Rxf6 Kb3 44. Rb6+ Rb4 0-1

[Event "American Continental 01st"]
[Site "Cali"]
[Date "2001.08.13"]
[Round "4"]
[White "Cuartas, Carlos Enrique"]
[Black "Garcia, Gildardo"]
[Result "0-1"]
[WhiteElo "2302"]
[BlackElo "2490"]
[PlyCount "102"]
[EventDate "2001.08.09"]
[EventType "swiss"]
[EventRounds "11"]
[EventCountry "COL"]
[SourceTitle "CBM 083 Extra"]
[Source "ChessBase"]
[SourceDate "2001.09.11"]
[SourceVersion "1"]
[SourceVersionDate "2001.09.11"]
[SourceQuality "1"]

1. Nf3 d5 2. d4 Bg4 3. Ne5 Bf5 4. c4 f6 5. Nf3 e6 6. Nc3 Nc6 7. Nh4 Bg4 8. h3 Bh5 9. cxd5 exd5 10. g4 Bf7 11. Bg2 Qd7 12. Nf5 Nge7 13. Nxe7 Bxe7 14. Bf4 g5 15. Bg3 h5 16. e3 0-0-0 17. Rc1 hxg4 18. hxg4 Rxh1+ 19. Bxh1 Rh8 20. Bf3 Bd6 21. Bxd6 Qxd6 22. Qb3 Qh2 23. Ne2 Qd6 24. Nc3 Qh2 25. Ne2 Rd8 26. Qc3 Be6 27. b4 Qd6 28. a3 Kb8 29. Ng3 Ne7 30. b5 Qd7 31. Nh5 Ng8 32. Qc2 Rc8 33. Qe2 Rf8 34. Ng3 Nh6 35. Rc5 Bxg4 36. Bxg4 Nxg4 37. Qf3 Rd8 38. Nf5 Nh2 39. Qh3 Rc8 40. e4 dxe4 41. Qxh2 b6 42. Rc6 Qxf5 43. a4 Qd5 44. Qh6 Qxd4 45. Qxf6 Qb4+ 46. Kf1 e3 47. Qxg5 exf2 48. Qe5 Qxa4 49. Re6 Qd1+ 50. Kxf2 Rf8+ 51. Rf6 Qc2+ 0-1

[Event "Abel Cardona op"]
[Site "Cali"]
[Date "2000.12.22"]
[Round "9"]
[White "Cuartas, Carlos Enrique"]
[Black "Valle, Efrain"]
[Result "1-0"]
[WhiteElo "2304"]
[BlackElo "2119"]
[PlyCount "85"]
[EventDate "2000.12.16"]
[EventType "swiss"]
[EventRounds "9"]
[EventCountry "COL"]
[SourceTitle "CBM 079 Extra"]
[Source "ChessBase"]
[SourceDate "2001.01.11"]
[SourceVersion "2"]
[SourceVersionDate "2001.01.25"]
[SourceQuality "1"]

1. d4 Nf6 2. Nf3 g6 3. c4 Bg7 4. Nc3 d6 5. g3 0-0 6. Bg2 Nbd7 7. 0-0 e5 8. e4 exd4 9. Nxd4 Ne5 10. b3 Bg4 11. f3 Bd7 12. Bb2 a6 13. Qd2 Nc6 14. Nde2 Qc8 15. Nf4 Ne7 16. Rac1 a5 17. a4 Bc6 18. Rc2 Nd7 19. Bh3 Qd8 20. Bxd7 Qxd7 21. Ncd5 Bxb2 22. Rxb2 Bxd5 23. cxd5 c5 24. dxc6 bxc6 25. Rd1 Rfd8 26. Qc3 Qa7+ 27. Kg2 Rd7 28. Rbd2 Rad8 29. h4 d5 30. h5 dxe4 31. fxe4 Rxd2+ 32. Rxd2 Rxd2+ 33. Qxd2 h6 34. Qd6 Kg7 35. hxg6 fxg6 36. Ne6+ Kg8 37. Nc7 Qe3 38. Qd8+ Kf7 39. Qe8+ Kf6 40. Qf8+ Ke5 41. Qxe7+ Kd4 42. Qf6+ Kd3 43. Qf3 1-0